|
|
|
|
| LEADER |
00000nam a22000007a 4500 |
| 005 |
20211103211558.0 |
| 007 |
cr|||| |||| |
| 008 |
211103s2018 es |||||s|||| 00||0 spa d |
| 020 |
|
|
|a 978-84-9123-722-8
|
| 035 |
|
|
|a 33651
|
| 040 |
|
|
|a vLex
|
| 090 |
|
|
|c 12631
|d 12631
|
| 100 |
1 |
|
|a Garca̕ Ureta, Agustn̕
|
| 245 |
1 |
0 |
|a Nuevas perspectivas del derecho ambiental en el siglo XXI
|h [Recurso electrn̤ico] /
|c Agustn̕ Garca̕ Ureta, Mara̕ Del Carmen Bolaǫ Pięiro
|
| 256 |
|
|
|a Servicio en ln̕ea
|
| 260 |
|
|
|a Madrid:
|b Marcial Pons,
|c 2018
|
| 300 |
|
|
|a 1 recurso electrn̤ico
|
| 500 |
|
|
|a Este trabajo recoge las ponencias presentadas a unas jornadas celebradas los da̕s 24 y 25 de octubre de 2017 en Bilbao bajo el tt̕ulo Nuevas Perspectivas del Derecho Ambiental en el Siglo xxi / New Perspectives on Environmental Law in the 21th Century. Las jornadas abarcaron una serie de temas que se estǹ abriendo camino en el ordenamiento jurd̕ico ambiental, como puede ser el derecho a la alimentacin̤, la respuesta jurd̕ica a las cats̀trofes naturales o el futuro de la lucha contra el cambio climt̀ico tras el ±Acuerdo» de Pars̕ de 2015. Otros quizs̀ no respondan a una comprensin̤ enteramente novedosa, como sucede con el control de la aplicacin̤ del ordenamiento europeo, la potestad inspectora o la proteccin̤ de biodiversidad ante una nueva edad geolg̤ica denominada Antropoceno. Sin embargo, constituyen sectores que se encuentran en evolucin̤ permanente o que estǹ experimentando una importante consolidacin̤, lo que exige un estudio paralelo de los mismos. Igualmente, se examina la figura de los tribunales ambientales en Reino Unido como mecanismo de resolucin̤ de los no pocos conflictos que rodean a la proteccin̤ del medio ambiente, en los que se ven involucradas distintas partes con intereses contrapuestos.
|
| 506 |
1 |
|
|a Disponible solo en los productos indicados
|d vLex Global
|d vLex Global (Academic Edition, excluding Law Schools)
|d vLex Global (U.S. Academic Edition, Law Schools)
|d vLex Global (U.S. Academic Edition, excluding Law Schools)
|d vLex Global (Academic Edition, Law Schools)
|
| 650 |
0 |
4 |
|a Derecho Pb︢lico y Administrativo
|z Espaą
|
| 650 |
0 |
4 |
|a Derecho del Medio Ambiente
|z Espaą
|
| 700 |
1 |
|
|a Bolaǫ Pięiro, Mara̕ Del Carmen
|
| 740 |
0 |
|
|a vLex Libros (Servicio en ln̕ea)
|
| 856 |
4 |
0 |
|u https://app.vlex.com/#/sources/33651
|z Acceso restringido
|
| 942 |
|
|
|c BOOK
|
| 999 |
0 |
|
|a Public and Administrative Law
|
| 999 |
0 |
|
|a Environmental Law
|